[Event "AUTO-INT-1364"]
[Site "http://www.queenalice.com/game.php?id=613469"]
[Date "2009.7.4"]
[Round "1"]
[White "Patt"]
[Black "rito"]
[Result "0-1"]
[WhiteElo "1363"]
[BlackElo "1398"]

1. Nf3 f6 2. Nc3 e5 3. e4 d6 4. Bc4 Ne7 5. d3 h5 6. Be3 g6 7. Nb5 b6 8. O-O h4
9. Nxh4 g5 10. Qh5+ Rxh5 11. g3 a6 12. Nc3 Nbc6 13. Nd5 Rh6 14. Nxe7 Qxe7 15.
Rae1 Nb4 16. g4 Rxh4 17. c3 Nc2 18. Rc1 Nxe3 19. Rfe1 Rxg4+ 20. Kh1 Rg2 21. Rxe3
Rxf2 22. Rh3 Bg7 23. Rg1 Bxh3 24. Bd5 Rb8 25. Bc6+ Kf7 26. Rg3 Rf1+ 27. Rg1 d5
28. exd5 b5 29. Rxf1 Bxf1 30. d6 Qxd6 31. Be4 Rh8 32. h3 Rxh3+ 33. Kg1 Bxd3 34.
Bxd3 Qxd3 0-1

[Event "AUTO-INT-1364"]
[Site "http://www.queenalice.com/game.php?id=613470"]
[Date "2009.7.4"]
[Round "1"]
[White "rito"]
[Black "Patt"]
[Result "1-0"]
[WhiteElo "1382"]
[BlackElo "1379"]

1. e4 e5 2. g3 Bc5 3. b3 Nf6 4. f3 Bxg1 5. Rxg1 Nc6 6. Bb5 Nb4 7. Nc3 O-O 8. a3
Nc6 9. d3 Nd4 10. Kf2 d6 11. Bg5 Bh3 12. a4 c6 13. Bc4 Qe8 14. g4 d5 15. exd5
cxd5 16. Bb5 Qc8 17. Qe1 e4 18. Kg3 Qc7+ 19. Bf4 Qd8 20. Kxh3 Nxf3 21. Kg3 Nxe1
22. Rgxe1 Qe7 23. d4 h6 24. h3 g5 25. Be5 Qe6 26. Be2 Qb6 27. a5 Qxa5 28. Rxa5
Rac8 29. Na4 Rce8 30. Bxf6 Re6 31. Be5 b6 32. Rxa7 f6 33. Rf1 h5 34. gxh5 fxe5
35. Ra6 Rxf1 36. Bxf1 1-0

[Event "AUTO-INT-1364"]
[Site "http://www.queenalice.com/game.php?id=613471"]
[Date "2009.7.4"]
[Round "1"]
[White "Patt"]
[Black "Chazam"]
[Result "0-1"]
[WhiteElo "1382"]
[BlackElo "1712"]

1. Nf3 e6 2. e4 b6 3. Bb5 Bd6 4. Nc3 a6 5. Bc4 b5 6. Bd3 Bb7 7. Ng5 Qxg5 8. Nd5
exd5 9. Qf3 d4 10. O-O Qe5 11. b4 Bxb4 12. Bb2 Bxd2 13. Ba3 Nf6 14. Rad1 Bf4 15.
Qh3 h6 16. g3 Be3 17. fxe3 dxe3 18. Rde1 Qd4 19. Rf5 e2+ 20. Kh1 Bxe4+ 21. Bxe4
Qxe4+ 22. Kg1 Ng4 23. Qf1 Qe3+ 24. Kh1 exf1=Q+ 25. Rexf1 Qxa3 26. R1f4 Qc1+ 27.
Kg2 O-O 28. Rxf7 Rxf7 29. Rxg4 Qf1# 0-1

[Event "AUTO-INT-1364"]
[Site "http://www.queenalice.com/game.php?id=613472"]
[Date "2009.7.4"]
[Round "1"]
[White "Chazam"]
[Black "Patt"]
[Result "1-0"]
[WhiteElo "1608"]
[BlackElo "1398"]

1. e4 e5 2. d4 Bb4+ 3. c3 Bd6 4. d5 b5 5. Bxb5 Nf6 6. Nf3 Bb7 7. Bg5 Bc5 8. O-O
Ng4 9. Bxd8 Bxf2+ 10. Rxf2 Nxf2 11. Kxf2 Kxd8 12. Nxe5 d6 13. Nxf7+ Ke7 14. Nxh8
a6 15. Qf3 c6 16. Ba4 c5 17. Qf7+ Kd8 18. Qf8+ Kc7 19. Qe7+ Kb6 20. Qxd6+ Ka7
21. Qxc5# 1-0

[Event "AUTO-INT-1403"]
[Site "http://www.queenalice.com/game.php?id=631213"]
[Date "2009.8.5"]
[Round "1"]
[White "Patt"]
[Black "fbenevides"]
[Result "0-1"]
[WhiteElo "1403"]
[BlackElo "1690"]

1. Nf3 d5 2. Nc3 Nf6 3. e3 Nc6 4. Bb5 Bd7 5. d4 a6 6. Bxc6 Bxc6 7. Ne5 Qd6 8.
O-O Bd7 9. Qf3 Bg4 10. Nxg4 Nxg4 11. Qxg4 h5 12. Qh4 O-O-O 13. Bd2 Kb8 14. Na4
b6 15. c3 e6 16. f4 Be7 17. Qxh5 Rxh5 18. Be1 Qd7 19. h3 Qxa4 20. Bg3 Qb5 21. a4
Qxb2 22. Rab1 Qxc3 23. Be1 Qxe3+ 24. Bf2 Qxf4 25. g4 Rxh3 26. Kg2 Qh2# 0-1

[Event "AUTO-INT-1403"]
[Site "http://www.queenalice.com/game.php?id=631228"]
[Date "2009.8.5"]
[Round "1"]
[White "cass"]
[Black "Patt"]
[Result "1-0"]
[WhiteElo "1440"]
[BlackElo "1399"]

1. e4 e5 2. Nf3 Bc5 3. Nxe5 Qf6 4. Nf3 d6 5. d4 Bb4+ 6. c3 Ba5 7. e5 dxe5 8.
dxe5 Qe6 9. Qa4+ Bd7 10. Qxa5 Nc6 11. Qb5 a6 12. Qxb7 Rd8 13. Bxa6 Na5 14. Qxc7
Rc8 15. Bxc8 Bxc8 16. O-O Nc6 17. Rd1 Qe7 18. Qxc6+ Bd7 19. Qa8+ Bc8 20. Qxc8+
Qd8 21. Qxd8# 1-0

[Event "AUTO-INT-1403"]
[Site "http://www.queenalice.com/game.php?id=631229"]
[Date "2009.8.5"]
[Round "1"]
[White "Patt"]
[Black "cass"]
[Result "0-1"]
[WhiteElo "1408"]
[BlackElo "1357"]

1. e4 e5 2. Bc4 Nf6 3. Nf3 d5 4. exd5 Nxd5 5. Bb5+ Bd7 6. Nxe5 Bxb5 7. d3 Bd6 8.
Nf3 Qe7+ 9. Kf1 O-O 10. Bg5 f6 11. Bd2 Re8 12. g4 Qe6 13. Nd4 Qd7 14. c4 Ba4 15.
Qf3 Be5 16. Nf5 Bxb2 17. Qxd5+ Qe6 18. Qxe6+ Rxe6 19. Kg2 Bxa1 20. Bh6 Bc6+ 21.
Kh3 gxh6 22. Nxh6+ Kg7 23. Nf5+ Kg6 24. Nc3 Bxh1 25. Nd1 Re1 26. Nde3 Rf1 27.
Nxf1 Kg5 28. Ng7 Nd7 29. Ng3 Bd4 30. f3 f5 31. N3xf5 Bf2 32. Ne6+ Kf6 33. Ng5
Kxg5 34. f4+ Kxf4 35. Nh6 Kf3 36. c5 Bg2# 0-1

[Event "AUTO-INT-1403"]
[Site "http://www.queenalice.com/game.php?id=631240"]
[Date "2009.8.5"]
[Round "1"]
[White "Patt"]
[Black "wladimir"]
[Result "0-1"]
[WhiteElo "1416"]
[BlackElo "1680"]

1. Nf3 d5 2. d4 Nc6 3. Bf4 Bf5 4. e3 Nf6 5. Bb5 Ne4 6. Bxc6+ bxc6 7. Ne5 Qb8 8.
Nc3 e6 9. Qh5 Bg6 10. Nxg6 fxg6 11. Qe5 Qc8 12. Qxe6+ Qxe6 13. O-O Rb8 14. Bxc7
Rxb2 15. Rae1 Rxc2 16. Nxe4 dxe4 17. f4 Qxa2 18. Ra1 Rxg2+ 19. Kh1 Rxh2+ 20. Kg1
Qg2# 0-1

[Event "AUTO-INT-1403"]
[Site "http://www.queenalice.com/game.php?id=631241"]
[Date "2009.8.5"]
[Round "1"]
[White "wladimir"]
[Black "Patt"]
[Result "1-0"]
[WhiteElo "1674"]
[BlackElo "1422"]

1. e4 e5 2. Nf3 Bc5 3. Nxe5 Qf6 4. Nf3 Nc6 5. Bc4 d6 6. d3 Nd4 7. Ng5 Ke7 8.
Nxf7 Bb4+ 9. Bd2 Bxd2+ 10. Nxd2 Qf4 11. Nxh8 Bg4 12. Nf3 Nxf3+ 13. gxf3 Bh3 14.
Qe2 Nf6 15. Bd5 Nxd5 16. exd5+ Kd8 17. Rg1 Qxh2 18. Rxg7 Qh1+ 19. Kd2 Qxa1 20.
Qe7+ Kc8 21. Qxc7# 1-0

[Event "raymundo"]
[Site "http://www.queenalice.com/game.php?id=642904"]
[Date "2009.8.26"]
[Round "2"]
[White "Pagano"]
[Black "Patt"]
[Result "1-0"]
[WhiteElo "2122"]
[BlackElo "1344"]

1. f4 Nf6 2. b3 Nc6 3. Bb2 d6 4. Nf3 e6 5. d3 d5 6. Nbd2 Bd6 7. g3 Nb4 8. Bg2
O-O 9. a3 Nc6 10. e4 Ng4 11. Qe2 1-0

[Event "AUTO-OPEN-1691"]
[Site "http://www.queenalice.com/game.php?id=652276"]
[Date "2009.9.14"]
[Round "1"]
[White "shiinov"]
[Black "Patt"]
[Result "1-0"]
[WhiteElo "1570"]
[BlackElo "1365"]

1. e4 e5 2. f4 Bc5 3. Nf3 Nf6 4. fxe5 Nxe4 5. d4 O-O 6. dxc5 c6 7. Bd3 Nxc5 8.
O-O d5 9. exd6 Nbd7 10. Bxh7+ Kh8 11. Ng5 1-0

[Event "AUTO-OPEN-1691"]
[Site "http://www.queenalice.com/game.php?id=652277"]
[Date "2009.9.14"]
[Round "1"]
[White "Patt"]
[Black "shiinov"]
[Result "0-1"]
[WhiteElo "1378"]
[BlackElo "1549"]

1. Nf3 d5 2. d4 c6 3. Bf4 Nd7 4. e3 e6 5. Bd3 Ngf6 6. Ne5 Nxe5 7. Bxe5 Bd6 8.
Bxd6 Qxd6 9. O-O e5 10. dxe5 Qxe5 0-1

[Event "AUTO-INT-1447"]
[Site "http://www.queenalice.com/game.php?id=652341"]
[Date "2009.9.14"]
[Round "1"]
[White "PeGaPraCaPa"]
[Black "Patt"]
[Result "1-0"]
[WhiteElo "1533"]
[BlackElo "1357"]

1. d4 d5 2. Bf4 f5 3. Be5 Nc6 4. e3 Be6 5. Be2 Qd7 6. Bb5 a6 7. Bxc6 bxc6 8.
Qh5+ Kd8 9. b3 a5 10. Nc3 Rb8 11. Qg5 h6 12. Qg3 1-0

[Event "AUTO-INT-1447"]
[Site "http://www.queenalice.com/game.php?id=652342"]
[Date "2009.9.14"]
[Round "1"]
[White "Patt"]
[Black "PeGaPraCaPa"]
[Result "0-1"]
[WhiteElo "1387"]
[BlackElo "1558"]

1. Nf3 d5 2. d4 Bg4 3. e3 c5 4. Ne5 Bxd1 5. Kxd1 e6 6. Bb5+ Ke7 7. Bd2 c4 8. c3
Qb6 9. Na3 f6 10. Nf3 Qa5 0-1

[Event "AUTO-INT-1447"]
[Site "http://www.queenalice.com/game.php?id=652353"]
[Date "2009.9.14"]
[Round "1"]
[White "Patt"]
[Black "jumping"]
[Result "0-1"]
[WhiteElo "1390"]
[BlackElo "1704"]

1. Nf3 d5 2. d4 Nc6 3. Bf4 Bg4 4. e3 e6 5. Bb5 Bd6 6. O-O a6 7. Bxd6 Qxd6 8. Qd3
axb5 9. b4 Nxb4 10. Qd1 Nf6 11. Nc3 c6 12. Rb1 O-O 0-1

[Event "AUTO-INT-1447"]
[Site "http://www.queenalice.com/game.php?id=652354"]
[Date "2009.9.14"]
[Round "1"]
[White "jumping"]
[Black "Patt"]
[Result "1-0"]
[WhiteElo "1700"]
[BlackElo "1394"]

1. e4 Nc6 2. d4 e6 3. Nf3 Bb4+ 4. c3 Ba5 5. Bb5 a6 6. Bd3 Nf6 7. Bg5 O-O 8. O-O
Qe8 9. Bxf6 d6 10. Bh4 Bb6 11. Nbd2 Bd7 12. Re1 Ba5 13. b4 1-0